000 00770cam a2200253u 4500
999 _c18084
_d18084
001 8914593
003 BDDh-ASL
005 20231015025659.0
008 801220s1963 enkb 000 0 eng
010 _a 63025276
040 _aDLC
_cCarP
_dBDDh-ASL
043 _aa-ii---
050 0 0 _aHD874
_b.H2
082 _a954.025
_bHAG
100 1 _aHabib, Irfan,
_d1931-
245 1 4 _aThe agrarian system of Mughal India, 1556-1707/
_cby Irfan Habib.
260 _aLondon:
_bAsia Pub. House,
_c1963.
300 _aix, 453 p. :
_bmap ;
_c26 cm.
504 _aIncludes bibliographical references and index.
650 0 _aPeasants
_zIndia
_xHistory.
650 0 _aLand tenure
_zIndia
_xHistory.
906 _a0
_bcbc
_cpremunv
_du
_encip
_f19
_gy-gencatlg
942 _2ddc
_cBK